[Event "Livingston Allegro op"]
[Site "Livingston"]
[Date "2023.04.02"]
[Round "3"]
[White "Patton, Zachary"]
[Black "Parasur, Raghuram"]
[Result "1-0"]
[WhiteElo "1507"]
[BlackElo "1893"]
[PlyCount "87"]
[EventDate "2023.04.02"]
[EventType "swiss (rapid)"]
[EventRounds "5"]
[EventCountry "SCO"]
[SourceTitle "CBM 213 Extra"]
[Source "ChessBase"]
[SourceDate "2023.05.31"]
[SourceVersion "1"]
[SourceVersionDate "2023.05.31"]
[SourceQuality "1"]

1. e4 c5 2. Nf3 Nc6 3. c3 d6 4. d4 cxd4 5. cxd4 e6 6. Nc3 Nf6 7. Bd3 e5 8. d5 Ne7 9. 0-0 Ng6 10. h3 a6 11. Be3 Be7 12. Rc1 0-0 13. Nh2 Bd7 14. Ne2 Rc8 15. f4 exf4 16. Nxf4 Rxc1 17. Qxc1 Nxf4 18. Bxf4 Qa5 19. Bb1 Qb4 20. a3 Qd4+ 21. Be3 Qa4 22. Bc2 Qc4 23. b3 Qc3 24. Bd2 Qe5 25. Nf3 Qg3 26. Be1 Qg6 27. e5 Qh5 28. exf6 Bxf6 29. Qf4 Qxd5 30. Bg3 Qc5+ 31. Rf2 Re8 32. Qxd6 Qxd6 33. Bxd6 Bc6 34. b4 Rd8 35. Bc5 Rc8 36. Rd2 g6 37. Bb3 Re8 38. a4 b5 39. Rd6 Bxf3 40. Rxf6 Re1+ 41. Kf2 Rb1 42. Rxf3 Rb2+ 43. Kg3 bxa4 44. Bxf7+ 1-0